[Event "FICGS rapid D 000043 email"]
[Site "FICGS email"]
[Date "2010.06.20"]
[Round "1"]
[White "Cabrera Trujillo, Claudio Tomas"]
[Black "Smith, Brittany"]
[Result "1-0"]
[WhiteElo "1384"]
[BlackElo "1400"]
[PlyCount "71"]
[EventDate "2010.??.??"]
[EventType "tourn (rapid)"]
[EventRounds "6"]
[SourceTitle "Corr 2013"]
[Source "ChessBase"]
[SourceDate "2012.11.12"]
[SourceVersion "1"]
[SourceVersionDate "2012.11.12"]
[SourceQuality "1"]

1. d4 d5 2. c4 e6 3. g3 Na6 4. Bg2 c6 5. cxd5 cxd5 6. Nf3 Qd6 7. Nc3 Qd7 8. Ne5 Qc7 9. Bf4 g6 10. Nxg6 hxg6 11. Bxc7 Nxc7 12. Qa4+ Bd7 13. Qb3 Nf6 14. Qxb7 Bg7 15. Qxc7 0-0 16. h4 Rac8 17. Qxa7 Bc6 18. Rc1 Rcd8 19. b4 Nd7 20. b5 Rc8 21. bxc6 Rxc6 22. Qxd7 Ra6 23. h5 gxh5 24. Rxh5 Bxd4 25. Nxd5 exd5 26. Rg5+ Kh7 27. Qh3+ Rh6 28. Rh5 Rxh5 29. Qxh5+ Kg8 30. Bxd5 Bc3+ 31. Rxc3 Rb8 32. Rc4 Rb1+ 33. Kd2 Rb2+ 34. Kc3 Rb1 35. Qxf7+ Kh8 36. Rh4# 1-0

[Event "FICGS class E 000124 email"]
[Site "FICGS email"]
[Date "2010.06.17"]
[Round "1"]
[White "Stoyanov, Zdravko"]
[Black "Smith, Brittany"]
[Result "1-0"]
[WhiteElo "1297"]
[BlackElo "1400"]
[PlyCount "31"]
[EventDate "2010.??.??"]
[EventType "tourn (corr)"]
[EventRounds "5"]
[SourceTitle "Corr 2013"]
[Source "ChessBase"]
[SourceDate "2012.11.12"]
[SourceVersion "1"]
[SourceVersionDate "2012.11.12"]
[SourceQuality "1"]

1. e4 c5 2. Nf3 Na6 3. Bxa6 bxa6 4. h3 g6 5. c3 e6 6. 0-0 Nf6 7. d3 Be7 8. Be3 Bb7 9. Ne5 Qc7 10. Bf4 a5 11. Qc1 Ba6 12. Rd1 0-0 13. Nxg6 Qd8 14. Nxe7+ Qxe7 15. Bh6 Rfe8 16. Qg5+ 1-0

[Event "FICGS class D 000151 email"]
[Site "FICGS email"]
[Date "2010.06.10"]
[Round "1"]
[White "Roncagliolo, Marco"]
[Black "Smith, Brittany"]
[Result "1-0"]
[WhiteElo "1492"]
[BlackElo "1400"]
[PlyCount "51"]
[EventDate "2010.??.??"]
[EventType "tourn (corr)"]
[EventRounds "4"]
[SourceTitle "Corr 2013"]
[Source "ChessBase"]
[SourceDate "2012.11.12"]
[SourceVersion "1"]
[SourceVersionDate "2012.11.12"]
[SourceQuality "1"]

1. e4 c5 2. Nf3 Nf6 3. d4 c4 4. Nc3 d6 5. Bxc4 Nc6 6. 0-0 e6 7. h3 b6 8. Be3 h6 9. a3 h5 10. Qd2 Na5 11. Ba2 Bb7 12. Qd3 Qc8 13. b4 Nc6 14. d5 Nxd5 15. exd5 Ne7 16. dxe6 fxe6 17. Nh4 Nc6 18. Qg6+ Kd8 19. Bg5+ Kc7 20. Bxe6 Qd8 21. Bxd8+ Kxd8 22. Nf5 Ne5 23. Qg3 Kc7 24. Nd5+ Kc6 25. Qc3+ Kb5 26. a4+ 1-0